| 000 | 01041nam a2200313Ia 4500 | ||
|---|---|---|---|
| 003 | OSt | ||
| 005 | 20221007123519.0 | ||
| 006 | a|||||r|||| 00| 0 | ||
| 007 | ta | ||
| 008 | 221006b |||||||| |||| 00| 0 eng d | ||
| 020 |
_a3540003533 (pbk) _c2295.53 |
||
| 024 | _a13554 | ||
| 037 |
_b29684, 21/02/2005, Worldwide Book Traders _cTextual |
||
| 040 |
_aPAPL _cPAPL _beng |
||
| 041 |
_2eng _aeng |
||
| 082 | _aC21, P4 Carpa | ||
| 100 |
_aStrobl Gert _9714097 |
||
| 245 | 0 | _aCondensed matter physics: Crystals, liquids, liquid crystals and polymers | |
| 260 |
_aBerlin _bSpringer-Verlag _c2004 |
||
| 300 |
_aix, 379p. _ccm. |
||
| 500 | _aAppendix A-D, 335-369p.; Bibliographical references 371-372p.; Index 373-379p. | ||
| 650 |
_a Crystals _9608113 |
||
| 650 | _a Liquid crystals | ||
| 650 |
_a Liquids _9717325 |
||
| 650 |
_a Matter Physics _914923 |
||
| 650 | _aPhysics | ||
| 942 |
_hC21, P4 Carpa _cTEXL _2CC |
||
| 999 |
_c1212026 _d1212026 |
||